Implementácia informačných technológií do procesov spracovania a overovania účtovných záznamov a možnosti ich využitia pri poskytovaní informácií používateľom diplomová práca

Gespeichert in:
Bibliographische Detailangaben
1. Verfasser: Gális, Marek
Körperschaft: Fakulta hospodárskej informatiky EU. Katedra účtovníctva a audítorstva
Weitere Verfasser: Vašeková, Miroslava, 1978-
Format: Buch
Sprache:Slowakisch
Veröffentlicht: Bratislava 2019
Tags: Tag hinzufügen
Keine Tags, Fügen Sie das erste Tag hinzu!

MARC

LEADER 00000nbm a2200000 4500
001 0254159
005 20200110145811.5
041 0 |a slo 
044 |a SK 
245 1 0 |a Implementácia informačných technológií do procesov spracovania a overovania účtovných záznamov a možnosti ich využitia pri poskytovaní informácií používateľom  |b diplomová práca  |c Marek Gális ; školiteľ: Miroslava Vašeková 
264 1 |a Bratislava  |c 2019 
300 |a 71 s. 
100 1 |a Gális, Marek 
700 1 |a Vašeková, Miroslava, 1978- 
710 2 |a Fakulta hospodárskej informatiky EU. Katedra účtovníctva a audítorstva